[Event "Deutsche Ländermeisterschaft 2025"]
[Site "Oer-Erkenschwick GER"]
[Date "2025.10.01"]
[Round "1"]
[White "Prashanthakumar, Arju"]
[Black "Kalina, Lena"]
[Result "1/2-1/2"]
[Termination "normal"]
[Board "8.4"]
[WhiteElo "1817"]
[BlackElo "1891"]
[WhiteClock "00:35:55"]
[BlackClock "00:19:55"]
[WhiteTeam "Saarland & Friends"]
[BlackTeam "Nordrhein-Westfalen 2"]
[PlyCount "86"]
[WhiteFideId "34604065"]
[BlackFideId "12988014"]
[EventCountry "GER"]
[EventRounds "7"]
[EventType "team-swiss"]
[EventDate "2025.09.30"]

1. e4 {[%clk 01:30:56]} {[%emt 00:00:04]} c5 {[%clk 01:30:53]} {[%emt
00:00:06]} 2. Nf3 {[%clk 01:31:10]} {[%emt 00:00:16]} Nc6 {[%clk 01:31:10]}
{[%emt 00:00:14]} 3. Bb5 {[%clk 01:31:05]} {[%emt 00:00:34]} g6 {[%clk
01:29:44]} {[%emt 00:01:56]} 4. O-O {[%clk 01:30:12]} {[%emt 00:01:23]} Bg7
{[%clk 01:28:59]} {[%emt 00:01:16]} 5. Bxc6 {[%clk 01:30:13]} {[%emt 00:00:28]}
dxc6 {[%clk 01:28:02]} {[%emt 00:01:27]} 6. d3 {[%clk 01:29:22]} {[%emt
00:01:20]} Nf6 {[%clk 01:22:55]} {[%emt 00:05:38]} 7. Nc3 {[%clk 01:28:27]}
{[%emt 00:01:25]} O-O {[%clk 01:20:23]} {[%emt 00:03:03]} 8. h3 {[%clk
01:27:55]} {[%emt 00:01:01]} Ne8 {[%clk 01:14:31]} {[%emt 00:06:23]} 9. Be3
{[%clk 01:21:50]} {[%emt 00:06:33]} b6 {[%clk 01:13:11]} {[%emt 00:01:52]} 10.
Qd2 {[%clk 01:19:46]} {[%emt 00:02:31]} e5 {[%clk 01:09:48]} {[%emt 00:03:55]}
11. Rae1 {[%clk 01:17:03]} {[%emt 00:03:12]} Nc7 {[%clk 01:00:35]} {[%emt
00:09:45]} 12. Bh6 {[%clk 01:15:13]} {[%emt 00:02:19]} Qe7 {[%clk 00:58:36]}
{[%emt 00:02:29]} 13. Bxg7 {[%clk 01:11:03]} {[%emt 00:04:39]} Kxg7 {[%clk
00:58:54]} {[%emt 00:00:13]} 14. Qg5 {[%clk 01:07:45]} {[%emt 00:03:48]} Qxg5
{[%clk 00:52:03]} {[%emt 00:07:22]} 15. Nxg5 {[%clk 01:07:47]} {[%emt
00:00:27]} f6 {[%clk 00:51:09]} {[%emt 00:01:25]} 16. Nf3 {[%clk 01:07:22]}
{[%emt 00:00:53]} Ne6 {[%clk 00:50:39]} {[%emt 00:01:00]} 17. Ne2 {[%clk
01:04:24]} {[%emt 00:03:27]} Ba6 {[%clk 00:40:37]} {[%emt 00:10:35]} 18. Nd2
{[%clk 00:52:33]} {[%emt 00:12:19]} Nd4 {[%clk 00:33:44]} {[%emt 00:07:24]} 19.
Nxd4 {[%clk 00:52:21]} {[%emt 00:00:41]} cxd4 {[%clk 00:33:52]} {[%emt
00:00:21]} 20. f4 {[%clk 00:49:48]} {[%emt 00:03:03]} exf4 {[%clk 00:29:53]}
{[%emt 00:04:30]} 21. Rxf4 {[%clk 00:49:46]} {[%emt 00:00:31]} Rae8 {[%clk
00:28:35]} {[%emt 00:01:49]} 22. Rff1 {[%clk 00:47:21]} {[%emt 00:02:55]} c5
{[%clk 00:25:26]} {[%emt 00:03:39]} 23. b3 {[%clk 00:43:24]} {[%emt 00:04:27]}
Re6 {[%clk 00:19:56]} {[%emt 00:06:00]} 24. a4 {[%clk 00:41:33]} {[%emt
00:02:20]} Rfe8 {[%clk 00:18:11]} {[%emt 00:02:15]} 25. g4 {[%clk 00:40:46]}
{[%emt 00:01:17]} Bb7 {[%clk 00:13:43]} {[%emt 00:04:59]} 26. Kh2 {[%emt
00:03:33]} a6 {[%clk 00:12:01]} {[%emt 00:01:17]} 27. Kg3 {[%clk 00:34:45]}
{[%emt 00:04:22]} Bc8 {[%clk 00:04:57]} {[%emt 00:07:35]} 28. Nf3 {[%clk
00:28:35]} {[%emt 00:06:38]} R6e7 {[%clk 00:02:04]} {[%emt 00:03:24]} 29. Nh4
{[%clk 00:26:20]} {[%emt 00:02:43]} b5 {[%clk 00:00:48]} {[%emt 00:01:48]} 30.
axb5 {[%clk 00:26:12]} {[%emt 00:00:38]} axb5 {[%clk 00:01:13]} {[%emt
00:00:05]} 31. Ra1 {[%clk 00:26:17]} {[%emt 00:00:24]} c4 {[%clk 00:00:43]}
{[%emt 00:01:01]} 32. bxc4 {[%clk 00:25:29]} {[%emt 00:01:17]} bxc4 {[%clk
00:01:06]} {[%emt 00:00:09]} 33. Ra4 {[%clk 00:25:26]} {[%emt 00:00:31]} Rc7
{[%clk 00:00:38]} {[%emt 00:00:59]} 34. Rfa1 {[%clk 00:23:23]} {[%emt
00:02:33]} Ree7 {[%clk 00:00:38]} {[%emt 00:00:30]} 35. Nf3 {[%clk 00:22:43]}
{[%emt 00:01:10]} f5 {[%clk 00:00:38]} {[%emt 00:00:31]} 36. gxf5 {[%clk
00:20:12]} {[%emt 00:03:01]} gxf5 {[%clk 00:00:40]} {[%emt 00:00:27]} 37. exf5
{[%clk 00:19:29]} {[%emt 00:01:13]} cxd3 {[%clk 00:00:42]} {[%emt 00:00:28]}
38. cxd3 {[%clk 00:19:15]} {[%emt 00:00:43]} Bxf5 {[%clk 00:00:42]} {[%emt
00:00:30]} 39. Rxd4 {[%clk 00:16:50]} {[%emt 00:02:55]} Rc3 {[%clk 00:00:37]}
{[%emt 00:00:35]} 40. Ra5 {[%clk 00:12:18]} {[%emt 00:05:00]} Bxd3 {[%clk
00:00:34]} {[%emt 00:00:36]} 41. Rg5+ {[%clk 00:10:57]} {[%emt 00:01:49]} Bg6
{[%clk 00:27:59]} {[%emt 00:03:05]} 42. h4 {[%clk 00:35:58]} {[%emt 00:05:30]}
Rf7 {[%clk 00:19:45]} {[%emt 00:08:44]} 43. Rf4 {[%clk 00:35:55]} {[%emt
00:00:32]} Rxf4 {[%clk 00:19:55]} {[%emt 00:00:20]} 1/2-1/2

[Event "Deutsche Ländermeisterschaft 2025"]
[Site "Oer-Erkenschwick GER"]
[Date "2025.10.01"]
[Round "1"]
[White "Besou, Jad"]
[Black "Jung, Marcel"]
[Result "0-1"]
[Termination "normal"]
[Board "8.5"]
[WhiteElo "1865"]
[BlackElo "1749"]
[WhiteClock "01:06:23"]
[BlackClock "00:57:46"]
[WhiteTeam "Nordrhein-Westfalen 2"]
[BlackTeam "Saarland & Friends"]
[PlyCount "60"]
[WhiteFideId "34631348"]
[BlackFideId "34673881"]
[EventCountry "GER"]
[EventRounds "7"]
[EventType "team-swiss"]
[EventDate "2025.09.30"]

1. e4 {[%clk 01:30:57]} {[%emt 00:00:03]} d6 {[%clk 01:30:47]} {[%emt
00:00:14]} 2. d4 {[%clk 01:31:07]} {[%emt 00:00:20]} g6 {[%clk 01:31:01]}
{[%emt 00:00:15]} 3. Nf3 {[%clk 01:30:55]} {[%emt 00:00:42]} Bg7 {[%clk
01:31:23]} {[%emt 00:00:08]} 4. Nc3 {[%clk 01:30:16]} {[%emt 00:01:09]} Nf6
{[%clk 01:30:40]} 5. h3 {[%clk 01:29:53]} {[%emt 00:02:07]} O-O {[%emt
00:02:35]} 6. Be2 e5 {[%clk 01:27:07]} {[%emt 00:02:57]} 7. dxe5 {[%clk
01:29:25]} {[%emt 00:00:30]} dxe5 {[%clk 01:27:28]} {[%emt 00:00:08]} 8. O-O
{[%emt 00:01:45]} c6 {[%clk 01:26:09]} {[%emt 00:01:46]} 9. Bg5 {[%clk
01:26:54]} {[%emt 00:01:50]} Qe7 {[%clk 01:23:39]} {[%emt 00:02:59]} 10. Qc1
{[%clk 01:24:46]} {[%emt 00:02:39]} Nbd7 {[%clk 01:22:03]} {[%emt 00:02:05]}
11. Qe3 {[%clk 01:24:07]} {[%emt 00:01:09]} Nc5 {[%clk 01:20:44]} {[%emt
00:01:49]} 12. Rad1 {[%clk 01:23:18]} {[%emt 00:01:20]} Ne6 {[%clk 01:19:44]}
13. Nxe5 {[%clk 01:19:42]} {[%emt 00:05:36]} Nxg5 {[%clk 01:18:26]} 14. Qxg5 h6
{[%emt 00:01:02]} 15. Qg3 {[%clk 01:19:50]} {[%emt 00:00:34]} Nh5 {[%clk
01:18:12]} {[%emt 00:00:44]} 16. Bxh5 {[%clk 01:20:05]} {[%emt 00:00:14]} Bxe5
{[%clk 01:18:34]} {[%emt 00:00:08]} 17. f4 {[%clk 01:19:56]} {[%emt 00:00:40]}
Bxc3 {[%clk 01:18:58]} {[%emt 00:00:06]} 18. bxc3 {[%clk 01:19:26]} {[%emt
00:00:59]} Qc5+ {[%clk 01:19:17]} {[%emt 00:00:11]} 19. Rd4 {[%clk 01:18:29]}
{[%emt 00:01:27]} Qxh5 {[%clk 01:19:37]} {[%emt 00:00:10]} 20. f5 {[%clk
01:18:34]} {[%emt 00:00:25]} Kh7 {[%clk 01:14:42]} {[%emt 00:05:25]} 21. Qd6
{[%clk 01:15:08]} {[%emt 00:03:56]} Rg8 {[%clk 01:13:47]} {[%emt 00:01:25]} 22.
Kh2 {[%clk 01:10:38]} {[%emt 00:05:01]} gxf5 {[%clk 01:10:35]} {[%emt
00:03:41]} 23. exf5 {[%clk 01:10:32]} {[%emt 00:00:35]} Bxf5 {[%clk 01:08:56]}
{[%emt 00:02:09]} 24. Qe7 {[%clk 01:09:52]} {[%emt 00:01:11]} Be6 {[%clk
01:07:56]} {[%emt 00:01:30]} 25. Qxb7 {[%clk 01:07:13]} {[%emt 00:03:09]} Rxg2+
{[%clk 00:56:21]} {[%emt 00:12:05]} 26. Kxg2 {[%clk 01:07:09]} {[%emt
00:00:33]} Qe2+ {[%clk 00:56:35]} {[%emt 00:00:16]} 27. Kg1 {[%clk 01:06:11]}
{[%emt 00:01:27]} Rg8+ {[%clk 00:56:39]} {[%emt 00:00:27]} 28. Rg4 {[%clk
01:06:32]} {[%emt 00:00:10]} Rxg4+ {[%clk 00:57:02]} {[%emt 00:00:07]} 29. hxg4
{[%clk 01:06:50]} {[%emt 00:00:11]} Qxg4+ {[%clk 00:57:24]} {[%emt 00:00:09]}
30. Kf2 {[%clk 01:06:23]} {[%emt 00:00:57]} Qf4+ {[%clk 00:57:46]} {[%emt
00:00:06]} 0-1

[Event "Deutsche Ländermeisterschaft 2025"]
[Site "Oer-Erkenschwick GER"]
[Date "2025.10.01"]
[Round "1"]
[White "Hoffmann, Sophia"]
[Black "Allen, Phillipp"]
[Result "1-0"]
[Termination "normal"]
[Board "8.6"]
[WhiteElo "1666"]
[BlackElo "1864"]
[WhiteClock "00:01:22"]
[BlackClock "00:02:35"]
[WhiteTeam "Saarland & Friends"]
[BlackTeam "Nordrhein-Westfalen 2"]
[PlyCount "85"]
[WhiteFideId "16259130"]
[BlackFideId "16272846"]
[EventCountry "GER"]
[EventRounds "7"]
[EventType "team-swiss"]
[EventDate "2025.09.30"]

1. d4 {[%clk 01:30:55]} {[%emt 00:00:04]} Nf6 {[%clk 01:30:55]} {[%emt
00:00:05]} 2. Bf4 {[%clk 01:31:16]} {[%emt 00:00:09]} e6 {[%clk 01:31:20]}
{[%emt 00:00:06]} 3. Nf3 {[%clk 01:31:10]} {[%emt 00:00:36]} d5 {[%clk
01:31:39]} {[%emt 00:00:12]} 4. e3 {[%clk 01:31:05]} {[%emt 00:00:35]} c5
{[%clk 01:31:45]} {[%emt 00:00:24]} 5. c4 {[%clk 01:30:11]} {[%emt 00:01:23]}
cxd4 {[%clk 01:30:14]} {[%emt 00:02:01]} 6. exd4 {[%clk 01:27:51]} {[%emt
00:02:51]} Nc6 {[%clk 01:30:38]} {[%emt 00:00:06]} 7. Nc3 {[%clk 01:26:45]}
{[%emt 00:01:36]} Bd6 {[%clk 01:27:38]} {[%emt 00:03:30]} 8. Bg3 {[%clk
01:24:40]} {[%emt 00:02:35]} Bxg3 {[%clk 01:22:13]} {[%emt 00:05:55]} 9. hxg3
{[%clk 01:24:54]} {[%emt 00:00:16]} O-O {[%clk 01:22:31]} {[%emt 00:00:12]} 10.
c5 {[%clk 01:21:30]} {[%emt 00:03:53]} Re8 {[%clk 01:09:39]} {[%emt 00:13:23]}
11. Ne5 {[%clk 01:12:54]} {[%emt 00:09:06]} h6 {[%clk 00:55:25]} {[%emt
00:14:44]} 12. f4 {[%clk 01:04:26]} {[%emt 00:08:57]} Ne4 {[%clk 00:47:47]}
{[%emt 00:08:09]} 13. Rh3 {[%clk 00:35:03]} {[%emt 00:29:52]} Qa5 {[%clk
00:34:56]} {[%emt 00:13:22]} 14. g4 {[%clk 00:30:02]} {[%emt 00:05:30]} f6
{[%clk 00:20:00]} {[%emt 00:15:26]} 15. Ng6 {[%clk 00:23:52]} {[%emt 00:06:40]}
Qb4 {[%emt 00:01:03]} 16. g5 {[%clk 00:16:23]} {[%emt 00:07:56]} Qxd4 {[%clk
00:12:03]} {[%emt 00:07:58]} 17. Qxd4 {[%clk 00:14:05]} {[%emt 00:02:47]} Nxd4
{[%clk 00:12:31]} {[%emt 00:00:02]} 18. O-O-O {[%clk 00:11:28]} {[%emt
00:03:07]} Nxc3 {[%clk 00:11:20]} {[%emt 00:01:41]} 19. bxc3 {[%clk 00:11:11]}
{[%emt 00:00:48]} Nc6 {[%clk 00:10:07]} {[%emt 00:01:43]} 20. gxh6 {[%clk
00:08:51]} {[%emt 00:02:49]} gxh6 {[%clk 00:10:20]} {[%emt 00:00:17]} 21. Bd3
{[%clk 00:08:54]} {[%emt 00:00:27]} e5 {[%clk 00:04:11]} {[%emt 00:06:39]} 22.
Rxh6 {[%clk 00:07:23]} {[%emt 00:02:02]} Bg4 {[%clk 00:04:29]} {[%emt
00:00:11]} 23. Rdh1 {[%clk 00:06:15]} {[%emt 00:01:38]} e4 {[%clk 00:04:43]}
{[%emt 00:00:16]} 24. Bb5 {[%clk 00:05:11]} {[%emt 00:01:35]} Kg7 {[%clk
00:03:52]} {[%emt 00:01:21]} 25. Bxc6 {[%clk 00:03:38]} {[%emt 00:02:03]} bxc6
{[%clk 00:04:20]} {[%emt 00:00:03]} 26. Ne7 {[%clk 00:03:08]} {[%emt 00:01:00]}
Rh8 {[%clk 00:02:29]} {[%emt 00:02:20]} 27. Rxh8 {[%clk 00:01:58]} {[%emt
00:01:40]} Rxh8 {[%clk 00:02:52]} {[%emt 00:00:06]} 28. Rxh8 {[%clk 00:02:20]}
{[%emt 00:00:08]} Kxh8 {[%clk 00:03:18]} {[%emt 00:00:04]} 29. Nxc6 {[%clk
00:02:15]} {[%emt 00:00:36]} a6 {[%clk 00:01:47]} {[%emt 00:02:01]} 30. Na7
{[%clk 00:01:52]} {[%emt 00:00:52]} Kg7 {[%clk 00:02:06]} {[%emt 00:00:11]} 31.
c6 {[%clk 00:02:09]} {[%emt 00:00:13]} Kg6 {[%clk 00:02:12]} {[%emt 00:00:25]}
32. c7 {[%clk 00:02:18]} {[%emt 00:00:21]} e3 {[%clk 00:01:20]} {[%emt
00:01:22]} 33. c8=Q {[%clk 00:02:11]} {[%emt 00:00:37]} Bxc8 {[%clk 00:01:46]}
{[%emt 00:00:04]} 34. Nxc8 {[%clk 00:02:30]} {[%emt 00:00:10]} Kf5 {[%clk
00:02:12]} {[%emt 00:00:04]} 35. Kc2 {[%clk 00:01:01]} {[%emt 00:01:59]} Kxf4
{[%clk 00:02:15]} {[%emt 00:00:28]} 36. Kd3 {[%clk 00:01:22]} {[%emt 00:00:09]}
Kg3 {[%clk 00:02:35]} 37. Kxe3 {[%clk 00:01:22]} f5 {[%clk 00:02:35]} 38. Ne7
{[%clk 00:01:22]} f4+ {[%clk 00:02:35]} 39. Kd2 {[%clk 00:01:22]} Kxg2 {[%clk
00:02:35]} 40. Nxd5 {[%clk 00:01:22]} f3 {[%clk 00:02:35]} 41. c4 {[%clk
00:01:22]} f2 {[%clk 00:02:35]} 42. Ne3 {[%clk 00:01:22]} Kf3 {[%clk 00:02:35]}
43. c5 {[%clk 00:01:22]} 1-0

[Event "Deutsche Ländermeisterschaft 2025"]
[Site "Oer-Erkenschwick GER"]
[Date "2025.10.01"]
[Round "1"]
[White "Bohatyrova, Mariia"]
[Black "Didas, Emma"]
[Result "1-0"]
[Termination "normal"]
[Board "8.7"]
[WhiteElo "1793"]
[BlackElo "1489"]
[WhiteClock "00:03:24"]
[BlackClock "00:03:49"]
[WhiteTeam "Nordrhein-Westfalen 2"]
[BlackTeam "Saarland & Friends"]
[PlyCount "85"]
[WhiteFideId "34165789"]
[BlackFideId "34681612"]
[EventCountry "GER"]
[EventRounds "7"]
[EventType "team-swiss"]
[EventDate "2025.09.30"]

1. Nf3 {[%clk 01:30:57]} {[%emt 00:00:03]} Nf6 {[%clk 01:30:50]} {[%emt
00:00:10]} 2. d4 {[%clk 01:31:08]} {[%emt 00:00:19]} d6 {[%clk 01:31:11]}
{[%emt 00:00:09]} 3. g3 {[%clk 01:30:11]} {[%emt 00:01:28]} g6 {[%clk
01:31:23]} {[%emt 00:00:17]} 4. Bg2 {[%clk 01:30:05]} {[%emt 00:00:36]} Bg7
{[%clk 01:31:23]} {[%emt 00:00:29]} 5. O-O {[%clk 01:29:40]} {[%emt 00:00:55]}
O-O {[%clk 01:30:56]} {[%emt 00:00:57]} 6. c4 {[%clk 01:22:44]} {[%emt
00:07:27]} Nbd7 {[%clk 01:25:59]} {[%emt 00:05:27]} 7. Nc3 {[%clk 01:09:36]}
{[%emt 00:13:38]} e5 {[%clk 01:19:44]} {[%emt 00:06:45]} 8. e3 {[%clk
01:05:37]} {[%emt 00:04:28]} Nh5 {[%clk 01:09:46]} {[%emt 00:10:29]} 9. h4
{[%clk 00:47:11]} {[%emt 00:18:55]} h6 {[%clk 01:02:32]} {[%emt 00:07:45]} 10.
Qb3 {[%clk 00:36:50]} {[%emt 00:10:49]} Kh8 {[%clk 00:53:05]} {[%emt 00:09:59]}
11. Rd1 {[%clk 00:26:07]} {[%emt 00:11:11]} f5 {[%clk 00:40:15]} {[%emt
00:13:22]} 12. dxe5 {[%clk 00:18:27]} {[%emt 00:08:09]} dxe5 {[%clk 00:40:12]}
{[%emt 00:00:33]} 13. e4 {[%clk 00:15:28]} {[%emt 00:03:28]} f4 {[%clk
00:37:57]} {[%emt 00:02:46]} 14. g4 {[%clk 00:15:14]} {[%emt 00:00:44]} Nhf6
{[%clk 00:35:29]} {[%emt 00:02:58]} 15. Nxe5 {[%clk 00:15:22]} {[%emt
00:00:21]} Qe8 {[%clk 00:31:21]} {[%emt 00:04:38]} 16. Nxd7 {[%clk 00:14:32]}
{[%emt 00:01:21]} Nxd7 {[%clk 00:31:35]} {[%emt 00:00:16]} 17. Nd5 {[%clk
00:14:29]} {[%emt 00:00:32]} Nc5 {[%clk 00:29:17]} {[%emt 00:02:48]} 18. Qa3
{[%clk 00:10:41]} {[%emt 00:04:16]} Ne6 {[%clk 00:25:13]} {[%emt 00:04:31]} 19.
Qe7 {[%clk 00:06:20]} {[%emt 00:04:53]} c6 {[%clk 00:21:56]} {[%emt 00:03:50]}
20. Qxe8 {[%clk 00:06:34]} {[%emt 00:00:17]} Rxe8 {[%clk 00:22:19]} {[%emt
00:00:06]} 21. Nxf4 {[%clk 00:06:51]} {[%emt 00:00:12]} Nxf4 {[%clk 00:21:58]}
{[%emt 00:00:53]} 22. Bxf4 {[%clk 00:07:17]} {[%emt 00:00:04]} Bxb2 {[%clk
00:21:28]} {[%emt 00:01:00]} 23. Rab1 {[%clk 00:07:36]} {[%emt 00:00:10]} Bg7
{[%clk 00:21:44]} {[%emt 00:00:15]} 24. f3 {[%clk 00:07:48]} {[%emt 00:00:17]}
Rf8 {[%clk 00:19:20]} {[%emt 00:02:54]} 25. Be3 {[%clk 00:07:45]} {[%emt
00:00:31]} Kh7 {[%clk 00:16:36]} {[%emt 00:03:16]} 26. Rd2 {[%clk 00:06:57]}
{[%emt 00:01:16]} b6 {[%clk 00:15:37]} {[%emt 00:01:29]} 27. Rd6 {[%clk
00:06:59]} {[%emt 00:00:28]} c5 {[%clk 00:15:27]} {[%emt 00:00:43]} 28. Rbd1
{[%clk 00:07:04]} {[%emt 00:00:24]} Bf6 {[%clk 00:14:48]} {[%emt 00:01:09]} 29.
g5 {[%clk 00:06:11]} {[%emt 00:01:23]} hxg5 {[%clk 00:14:32]} {[%emt 00:00:47]}
30. Bxg5 {[%clk 00:05:43]} {[%emt 00:00:56]} Bd4+ {[%clk 00:13:54]} {[%emt
00:01:09]} 31. Kf1 {[%clk 00:05:38]} {[%emt 00:00:34]} Ba6 {[%clk 00:12:50]}
{[%emt 00:01:35]} 32. Rc1 {[%clk 00:05:38]} {[%emt 00:00:28]} Rf7 {[%clk
00:11:47]} {[%emt 00:01:36]} 33. Ke2 {[%clk 00:05:35]} {[%emt 00:00:32]} Raf8
{[%clk 00:10:27]} {[%emt 00:01:49]} 34. Be3 {[%clk 00:04:19]} {[%emt 00:01:45]}
Be5 {[%clk 00:08:47]} {[%emt 00:02:11]} 35. Rdd1 {[%clk 00:02:19]} {[%emt
00:02:27]} Bg3 {[%clk 00:08:09]} {[%emt 00:01:11]} 36. Rh1 {[%clk 00:02:20]}
{[%emt 00:00:29]} Rd8 {[%clk 00:07:27]} {[%emt 00:01:12]} 37. h5 {[%clk
00:02:17]} {[%emt 00:00:34]} gxh5 {[%clk 00:07:12]} {[%emt 00:00:45]} 38. Rxh5+
{[%clk 00:02:43]} {[%emt 00:00:04]} Kg8 {[%clk 00:06:54]} {[%emt 00:00:46]} 39.
Bh3 {[%clk 00:01:47]} {[%emt 00:01:28]} Bc8 {[%clk 00:02:50]} {[%emt 00:04:35]}
40. Bxc8 {[%clk 00:02:10]} {[%emt 00:00:07]} Rxc8 {[%clk 00:03:08]} {[%emt
00:00:11]} 41. Rg5+ {[%clk 00:02:35]} {[%emt 00:00:05]} Rg7 {[%clk 00:03:24]}
{[%emt 00:00:14]} 42. Rxg7+ {[%clk 00:02:59]} {[%emt 00:00:06]} Kxg7 {[%clk
00:03:49]} {[%emt 00:00:06]} 43. Rg1 {[%clk 00:03:24]} {[%emt 00:00:04]} 1-0